00373cam a2200121 i 4500020002500000041000800025082001500033100002200048245009300070260003200163300002300195650003300218 a9780801048876 (pbk.) aENG00a226.4bKUH1 aKuhn, Karl Allen,14aThe kingdom according to Luke and Acts : A Social, Literary and theological Introduction aU.S.AbBaker Academicc2015 axxiii, 310 pages ; 0aKingdom of GodaBible - Luke